000 00551nam a2200217Ia 4500
003 OSt
005 20220916111030.0
006 a|||||r|||| 00| 0
007 ta
008 220915b |||||||| |||| 00| 0 eng d
024 _a123908
037 _cTextbook
040 _beng
_aARTS
_cARTS
041 _aeng
082 _aV631:2:N5, J4 (906)
245 0 _aCape coloured vote : a common roll or political apartheid
260 _c1954
650 _aHISTORY
942 _hV631:2:N5, J4 (906)
_cTB
_2CC
999 _c103947
_d103947